Agricultura y formas políticas de mediación no democrática

Gardado en:
Detalles Bibliográficos
Autor Principal: Bartra, Róger
Formato: Texto
Idioma:Spanish
Publicado: San José: ACAS-CEDAL 1975
Etiquetas: Engadir etiqueta
Sen Etiquetas, Sexa o primeiro en etiquetar este rexistro!

MARC

LEADER 00000 a a2200000 04500
001 17604
003 cru CIDCACDS/IIS
005 20231128112003.0
008 231128b |||||||| |||| 00| 0 spa d
040 |c cru CIDCACDS/IIS 
090 |a 002900  
100 |a Bartra, Róger  
245 |a Agricultura y formas políticas de mediación no democrática  
260 |a San José:   |b ACAS-CEDAL   |c 1975 
300 |a 14 p.  
942 |2 z  |c LI 
999 |c 12905  |d 12905